01538nam a22002777a 4500003000900000005001700009008004100026020001800067040003400085082001600119100004200135245011800177250001000295260006100305300002700366490005800393500002900451504003100480505054900511600002801060650002201088651002301110700003801133830002901171856006001200AR-BeUNQ20250820131201.0250820b20232025S adkedrnfpo 001 m spa d a9789878883441 aAR-BeUNQbspacAR-BeUNQeaacr 221a121 EDE02aEdelsztein, Valeriab1ccoaut. d19822 aArgumentos en una baldosa :bDiez jugadas filosóficas para pensar.cValeria Edelsztein y Claudio Cormickhlibro a1a.ed aCiudad Aut+ónoma de Buenos Aires : bTantaagua, c2023 a208 p. bil. ; c21 cm aColección Abriendo Hilos / Identidades Bonaerenses aManual de filosofía,  aBibliografía comentada.  aBaldoso 1: Miles de griegos no pueden estar equivocados. Baldosa 2: Descartes esta mal, ud. esta mal, toe el maldito dualismo esta mal.. Baldosa 3: David Hume y la regularidad de la naturaleza. Baldosa 4: Mas allá de la linea del deber. Baldosa 5: Bernardi Williams y la creencia voluntaria. Baldosa 6 : La paradoja de Phoebe Buffay. Baldosa 7: El problema del privilegio epistémico. Baldosa 8: La defensa del etnocentrismo. Baldosa 9: El relativismo linguistico. Baldosa 10: Todos los -ismos, relativismo, naturalismo y particualarismo.  aFilosofia- Enseñanza. aFilosofia2spines aArgentina2unescot 2aCormick, Claudio. d1980ecouat.  vIdentidades Bonaerenses. uhttps://amautas.com/sobre-nosotros/bio-claudio-cormick/